| 000 | 00563nam a2200169Ia 4500 | ||
|---|---|---|---|
| 008 | 220216s9999 xx 000 0 und d | ||
| 100 | _aZakaria Mariah | ||
| 245 | 0 | _aSusceptibility of upper and lower leaf surfaces, and effect of wounding of Hevea brasiliensis (Rubber) leaf to Colletotrichum isolates from forest tree | |
| 260 |
_bJournal of Tropical Forest Science _c2003 |
||
| 300 | _a497-501 | ||
| 650 | _aColletotrichum | ||
| 650 | _aHevea brasiliensis | ||
| 650 | _aLeaf surfaces | ||
| 700 | _aAhmad Mohd Farid | ||
| 700 | _aBailey J A | ||
| 942 | _cJS | ||
| 999 |
_c70060 _d70060 |
||